书目信息 |
| 题名: |
能源资源替代战略研究
|
|
| 作者: | 于立宏 著 | |
| 分册: | ||
| 出版信息: | 北京 中国时代经济出版社 2008.07 |
|
| 页数: | 218页 | |
| 开本: | 25cm | |
| 丛书名: | 21世纪中国时代学术文库 | |
| 单 册: | ||
| 中图分类: | F426.2 | |
| 科图分类: | ||
| 主题词: | 能源开发--经济战略--研究--中国 , 能源开发 , 经济战略 | |
| 电子资源: | ||
| ISBN: | 978-7-80221-599-3 | |
| 000 | 01144oam2 2200313 450 | |
| 001 | 012004265775 | |
| 005 | 20091207094707.95 | |
| 010 | @a978-7-80221-599-3@dCNY29.00 | |
| 100 | @a20090414d2008 em y0chiy0110 ea | |
| 101 | 0 | @achi |
| 102 | @aCN@b110000 | |
| 105 | @aak z 000yy | |
| 106 | @ar | |
| 200 | 1 | @a能源资源替代战略研究@9neng yuan zi yuan ti dai zhan lue yan jiu@f于立宏著 |
| 210 | @a北京@c中国时代经济出版社@d2008.07 | |
| 215 | @a218页@c图@d25cm | |
| 225 | 2 | @a21世纪中国时代学术文库 |
| 225 | 2 | @a资源能源战略与循环经济研究丛书 |
| 300 | @a华东理工大学跨学科研究经费出版资助 | |
| 330 | @a本书共分9个章节,主要对能源资源的替代战略作了深入的研究和探讨,具体内容包括能源资源与经济发展、能源替代弹性度量的理论基础、能源替代弹性的经验研究、欧盟能源资源替代政策与实践、中国能源领域立法与政策分析等。 | |
| 461 | 0 | @12001 @a21世纪中国时代学术文库 |
| 461 | 0 | @12001 @a资源能源战略与循环经济研究丛书 |
| 606 | 0 | @a能源开发@x经济战略@x研究@y中国 |
| 606 | 0 | @a能源开发 |
| 606 | 0 | @a经济战略 |
| 690 | @aF426.2@v4 | |
| 701 | 0 | @a于立宏@9yu li hong@4著 |
| 801 | 0 | @aCN@bNLC@c20091207 |
| 905 | @b20796693-98@dF426.2@e107@f6 | |
| 能源资源替代战略研究/于立宏著.-北京:中国时代经济出版社,2008.07 |
| 218页:图;25cm.-(21世纪中国时代学术文库).-(资源能源战略与循环经济研究丛书) |
| 华东理工大学跨学科研究经费出版资助 |
| ISBN 978-7-80221-599-3:CNY29.00 |
| 本书共分9个章节,主要对能源资源的替代战略作了深入的研究和探讨,具体内容包括能源资源与经济发展、能源替代弹性度量的理论基础、能源替代弹性的经验研究、欧盟能源资源替代政策与实践、中国能源领域立法与政策分析等。 |
| ● |
| 相关链接 |
|
|
|
|
正题名:能源资源替代战略研究
索取号:F426.2/107
 
预约/预借
| 序号 | 登录号 | 条形码 | 馆藏地/架位号 | 状态 | 备注 |
| 1 | 796693 | 207966931 | 第一样本阅览室/ [索取号:F426.2/107] | 在馆 | |
| 2 | 796694 | 207966940 | 第一借阅区/ [索取号:F426.2/107] | 在馆 | |
| 3 | 796695 | 207966959 | 第一借阅区/ [索取号:F426.2/107] | 在馆 | |
| 4 | 796696 | 207966968 | 第一借阅区/ [索取号:F426.2/107] | 在馆 | |
| 5 | 796697 | 207966977 | 第一借阅区/ [索取号:F426.2/107] | 在馆 | |
| 6 | 796698 | 207966986 | 第一借阅区/ [索取号:F426.2/107] | 在馆 |